Every Artist To Feature On A The Kid LAROI Album - Statistics

General Stats
  • This quiz has been taken 13 times
  • The average score is 11 of 23
Answer Stats
album track artist % Correct
F*CK LOVE 3+: OVER YOU STAY Justin Bieber
100%
F*CK LOVE 3+: OVER YOU GO Juice WRLD
88%
THE FIRST TIME THE LINE d4vd
75%
F*CK LOVE 3+: OVER YOU F*CK YOU, GOODBYE mgk
75%
F*CK LOVE 3+: OVER YOU NOT FAIR Corbin
63%
F*CK LOVE 3+: OVER YOU STILL CHOSE YOU Mustard
63%
F*CK LOVE 3+: OVER YOU NOT SOBER Polo G
63%
F*CK LOVE 3+: OVER YOU TRAGIC YoungBoy Never Broke Again
63%
THE FIRST TIME TOO MUCH Central Cee
50%
THE FIRST TIME TOO MUCH Jung Kook
50%
F*CK LOVE 3+: OVER YOU WRONG Lil Mosey
50%
F*CK LOVE 3+: OVER YOU FEEL SOMETHING Marshmello
50%
BEFORE I FORGET 5:21AM Andrew Aged
38%
THE FIRST TIME WHAT'S THE MOVE? BabyDrill
38%
BEFORE I FORGET THE MOMENT Clara La San
38%
THE FIRST TIME WHAT'S THE MOVE? Future
38%
F*CK LOVE 3+: OVER YOU DON'T LEAVE ME G Herbo
38%
THE FIRST TIME HATRED Lil Yachty
38%
BEFORE I FORGET RATHER BE Lithe
38%
F*CK LOVE 3+: OVER YOU NOT SOBER Stunna Gambino
38%
F*CK LOVE 3+: OVER YOU DON'T LEAVE ME Lil Durk
25%
THE FIRST TIME CALL ME INSTEAD Robert Glasper
25%
F*CK LOVE 3+: OVER YOU TRAGIC Interent Money
0%
No matching quizzes found
Score Distribution
Percent of People with Each Score
Percentile by Number Answered
Your Score History
You have not taken this quiz